00677 2200289 4500001002100000005001500021035002000036008004100056245006500097100001900162250000600181260003300187300001100220084001400231082000800245650001400253990001200267990001200279990001200291990001200303990001200315990001200327990001200339990001200351990001200363990001200375INLIS00000000000012820240502110315 a0010-0424000104240502 0 ind 1 aSosiologi Dalam Kehidupan Sehari-hari /cTwenty Ages T, S.Pd aAges T, Twenty a1 aJakarta :bMedia Guru,c2018 a62 hlm a300 TWE s a300 4aNon Fiksi a0737246 a0737247 a0737248 a0737249 a0737250 a0737251 a0737252 a0737253 a0737254 a0737255